LEADER 01380nam a2200265 4500 001 000000364317 003 CaOOAMICUS 005 20250915150505.0 008 250915s19711973it a 000 u ita r 040 $aSeMil$bita 245 00$aScienze biologiche. 264 1$aNovara :$bIstituto Geografico De Agostini,$c1971-1973. 300 $a8 v. :$bill. ;$c30 cm 773 0 $tEnciclopedia italiana delle scienze.$dNovara : Istituto Geografico De Agostini, 1968-1973.$w()364292 774 0 $tAgraria 1.$dNovara : Istituto Geografico De Agostini, 1973.$w()364318 774 0 $tAgraria 2.$dNovara : Istituto Geografico De Agostini, 1973.$w()364321 774 0 $tBiologia 1.$dNovara : Istituto Geografico De Agostini, 1971.$w()364322 774 0 $tBiologia 2.$dNovara : Istituto Geografico De Agostini, 1971.$w()364323 774 0 $tEsseri viventi 1.$dNovara : Istituto Geografico De Agostini, 1972.$w()364325 774 0 $tEsseri viventi 2.$dNovara : Istituto Geografico De Agostini, 1972.$w()364326 774 0 $tMedicina e uomo 1.$dNovara : Istituto Geografico De Agostini, 1972.$w()364327 774 0 $tMedicina e uomo 2.$dNovara : Istituto Geografico De Agostini, 1972.$w()364328 996 $6245$aScienze biologiche$9(OLS)http://semarc/title/455683 996 $6264$aNovara :$bIstituto Geografico De Agostini$9(OLS)http://semarc/publisher/31865 LEADER 00808nam a2200193 i 4500 001 000000221004 003 CaOOAMICUS 005 20130612000000.0 008 130612s1767 xx u000 u lat u 013 $a199901 026 $a9.a- riia e-a- nedu (3) 1767 (R) 040 $aSeMil$bita 245 10$aTomus 4. 300 $aVI, [2], 406 p. 500 $aSegn. : *4 A-3E4 (c. 3E4 bianca). 773 0 $aBerardi, Carlo Sebastiano <1719-1768>$tCaroli Sebastiani Berardi ... Commentaria in jus ecclesiasticum universum. Tomus 1. [-4.].$dTaurini : Ex Typographia Regia : extant apud Georgium Dominicum Mariam Moranum bibliopolam, 1766-1767.$g4$w()6114 850 $aSeMil 852 $aSeMil$W1$xVenegono$y1$m2J III 16 FA$j171358$B171358$CSeMilBibl$Z2$F181831 $8I 996 $6245$aTomus 4$9(OLS)http://semarc/title/151236